Criminología y sistema penal

Na minha lista:
Detalhes bibliográficos
Autor principal: Baratta, Alessandro (Author)
Formato: Livro
Idioma:espanhol
Publicado em: Montevideo B de F 2004
Colecção:Memoria Criminológica, 1
Assuntos:
Tags: Adicionar Tag
Sem tags, seja o primeiro a adicionar uma tag!

MARC

LEADER 00000nam a2200000 a 4500
001 UCL9643
003 CL-VaPUC
008 040820e20040000UY |||||||||||||||||spa|d
020 |a 9974578345 
082 0 4 |a 345.02  |b BAR  |2 21 
100 0 |a Baratta, Alessandro  |e author  |9 487530 
245 1 0 |a Criminología y sistema penal 
300 |a 459 p 
942 |c BK 
945 |d 20040820 00:00:00  |a cmena 
260 |a Montevideo  |b B de F  |c 2004 
500 |a Compilación In memoriam 
650 7 |a DERECHO PENAL  |2 CL-VaPUC  |9 11 
650 0 |a Criminología  |9 256168 
650 0 |a Filosofía del derecho   |9 255050 
650 0 |a Problemas sociales  |9 258537 
650 0 |a Derechos humanos  |9 223025 
583 |a last modification  |c 20040820 00:00:00  |k Rodrigo Vera 
490 0 |a Memoria Criminológica, 1 
999 |c 310360  |d 310358 
952 |0 0  |1 0  |4 0  |6 345_020000000000000_BAR_2004  |7 0  |8 A  |9 378691  |a BIBDER  |b BIBDER  |d 2019-11-21  |i 404942K  |o 345.02 BAR 2004  |p 404942K  |r 2023-01-25  |w 2019-11-21  |y BK  |k DER